Quick Pick: Game Show Hosts Quiz Stats

 Plays Quiz Updated Sep 19, 2016

Challenge
Share
Tweet
Embed
Score 0/10 Timer 01:00
1 Play Today
% Correct
Alex Trebek
93.9%
Bob Barker
91.9%
Steve Harvey
89.9%
Pat Sajak
89.2%
Howie Mandel
88.4%
Regis Philbin
88.2%
Jeff Foxworthy
88%
Anne Robinson
87.2%
Dick Clark
78.8%
Gene Rayburn
78.5%

Today's Daily Dose

You're not logged in!

Compare scores with friends on all Sporcle quizzes.
Join for Free
OR
Log In

You Might Also Like...

Show Comments

Extras

Top Quizzes Today


Score Distribution

Your Account Isn't Verified!

In order to create a playlist on Sporcle, you need to verify the email address you used during registration. Go to your Sporcle Settings to finish the process.

Report this User

Report this user for behavior that violates our Community Guidelines.

Details: